000 00469nam a2200193Ia 4500
003 OSt
005 20140311163111.0
008 140130s9999 xx 000 0 und d
050 _aPZ 7
_b.J629Do 1990
100 _aJohnson, Angela
_930950
245 _cJohnson, Angela
_aDo like kyla /
260 _bScholastic,
_c1990.
_aNew York :
300 _bcol. ill. ;
_c20 cm.
440 _v1
_930951
521 _aG3
526 _c510
942 _cBK
_2lcc
999 _c40560
_d40560